Biología 3 : el intercambio de información en los sistemas biológicos, relación, integración y control /
Guardado en:
| Autor Principal: | |
|---|---|
| Otros Autores: | , , , , , |
| Formato: | Libro |
| Publicado: |
Buenos Aires :
Santillana,
2010
|
| Series: | Saber es clave
|
| Materias: | |
| Etiquetas: |
Agregar Etiqueta
Sin Etiquetas, Sea el primero en etiquetar este registro!
|
| LEADER | 01870nam a22003615a 4500 | ||
|---|---|---|---|
| 001 | CEM.cems013393 | ||
| 008 | 130507s2010##################000#0#####d | ||
| 005 | 20260508081735.0 | ||
| 245 | 1 | 0 | |a Biología 3 : |b el intercambio de información en los sistemas biológicos, relación, integración y control / |c Coordinación de Herminia Mérega y Graciela Pérez de Lois |
| 260 | |a Buenos Aires : |b Santillana, |c 2010 | ||
| 300 | |a 240 p. | ||
| 490 | 0 | |a Saber es clave | |
| 500 | |a Nivel 3er año Educación Secundaria | ||
| 505 | 0 | |a Los seres vivos y su relación con el medio -- La captación de los estímulos -- Las respuestas a los estímulos -- Estímulos y respuestas en las células -- El control nervioso -- El control nervioso en los animales -- El control endocrino -- El control endocrino en animales y plantas -- El rol de las proteínas -- El ADN, portador de información -- La biotecnología moderna | |
| 020 | |a 9789504622147 | ||
| 100 | 1 | |a Mérega, Herminia | |
| 700 | 1 | |a Alvarez, Susana | |
| 700 | 1 | |a Balbiano, Alejandro J. | |
| 700 | 1 | |a Franco, Ricardo | |
| 700 | 1 | |a Godoy, Elina I. | |
| 700 | 1 | |a Iglesias, María Cristina | |
| 700 | 1 | |a Rodríguez Vida, María Inés | |
| 082 | 0 | 4 | |a Z574 |
| 653 | |a Biología | ||
| 653 | |a Biología-3º esb | ||
| 859 | |a CEMS |b BIB. CEMS - Agricultura |h 574 |i Al86 |p A1241.11 |t Ej.1 | ||
| 859 | |a CEMS |b BIB. CEMS - Agricultura |h 574 |i Al86 |p A1242.11 |t Ej.2 | ||
| 859 | |a CEMS |b BIB. CEMS - Agricultura |h 574 |i Al86 |p A1243.11 |t Ej.3 | ||
| 859 | |a CEMS |b BIB. CEMS - Agricultura |h 574 |i Al86 |p A4142.26 |t Ej.4 | ||
| 859 | |a CEMS |b BIB. CEMS - 11 de abril |h 574 |i M559 |p 25971.10 |t Ej.1 |v 3º |3 3º | ||
| 859 | |a CEMS |b BIB. CEMS - 11 de abril |h 574 |i M559 |p 25972.10 |t Ej.2 |v 3º |3 3º | ||
| 859 | |a CEMS |b BIB. CEMS - 11 de abril |h 574 |i M559 |p 25973.10 |t Ej.3 |v 3º |3 3º | ||
| 859 | |a CEMS |b BIB. CEMS - 11 de abril |h 574 |i M559 |p 27100.14 |t Ej.4 |v 3º |3 3º | ||
